Metóda transakčnej analýzy a jej využitie v policajnom manažmente (otázky a odpovede)

Salvato in:
Dettagli Bibliografici
Autore principale: Baričičová, Ľubica
Altri autori: Kráčmar, Ján
Natura: Capitolo di libro
Lingua:slovacco
Tags: Aggiungi Tag
Nessun Tag, puoi essere il primo ad aggiungerne!!

MARC

LEADER 00000naa$a2200000$$$4500
001 0061160
005 20240502071701.8
041 0 |a slo 
044 |a SK 
245 1 0 |a Metóda transakčnej analýzy a jej využitie v policajnom manažmente (otázky a odpovede)  |c Ľubica Baričičová, Ján Kráčmar 
100 1 |a Baričičová, Ľubica 
700 1 |a Kráčmar, Ján